Movies Quiz

Random Movies or Cast Quiz

Horror Movie From Cast Quiz Stats

Quiz not verified by Sporcle

Also try: Which Spock?
Challenge
Share
Tweet
Embed
Score 0/40 Timer 07:00
0 Plays Today
% Correct
The Shining
93.1%
The Silence of the Lambs
92.5%
Halloween(1978)
91.4%
Aliens
91.4%
A Nightmare on Elm Street(1984)
89.7%
Carrie(1976)
88.5%
I Know What You Did Last Summer
87.4%
Scream
86.8%
Psycho(1960)
85.6%
The Ring(2002)
79.9%
1408
79.9%
It
77%
The Birds
74.1%
Friday the 13th(1980)
71.8%
Jeepers Creepers
70.7%
Final Destination
67.2%
Whatever Happened to Baby Jane
66.7%
The Conjuring
66.1%
Identity
63.8%
The Devil's Rejects
63.8%
% Correct
The Faculty
63.2%
Child's Play
62.6%
House On Haunted Hill(1959)
61.5%
The Hitcher(1986)
60.9%
Insidious
58.6%
Prom Night(1980)
57.5%
Urban Legend
56.9%
The Fog(1980)
56.9%
House of Wax(2005)
55.2%
Ghost Ship
53.4%
The Crazies(2010)
46.6%
The Uninvited
43.1%
My Bloody Valentine(2009)
42.5%
Valentine
40.8%
A Perfect Getaway
40.8%
The Haunting(1963)
39.1%
Shutter(2008)
37.4%
Ghost Story
36.2%
Wolf Creek
27%
Stay Alive
24.1%

You're not logged in!

Compare scores with friends on all Sporcle quizzes.
Join for Free
OR
Log In

You Might Also Like...

Show Comments

Extras

Top Quizzes Today


Score Distribution

Your Account Isn't Verified!

In order to create a playlist on Sporcle, you need to verify the email address you used during registration. Go to your Sporcle Settings to finish the process.

Report this User

Report this user for behavior that violates our Community Guidelines.

Details: